[Event "Kandidatenturnier 1. DIM"]
[Site "playchess.com"]
[Date "2003.02.16"]
[Round "10"]
[White "Aimee"]
[Black "Nebuchadnezar"]
[Result "1-0"]
[WhiteElo "2429"]
[BlackElo "2431"]
[PlyCount "111"]

1. d4 f5 2. Nf3 Nf6 3. g3 e6 4. Bg2 d5 5. O-O Bd6 6. Bf4 Bxf4 7. gxf4 O-O 8. e3
c6 9. Ne5 Nbd7 10. Nd2 Ne4 11. Nxe4 fxe4 12. Nxd7 Bxd7 13. f3 exf3 14. Rxf3 Be8
15. Rg3 Bg6 16. Qg4 Qf6 17. c3 Rf7 18. h4 Bf5 19. Qg5 h6 20. Qxf6 Rxf6 21. Kh2
Kf7 22. Bf3 Rh8 23. Kg2 Rg8 24. b4 Ke7 25. a4 g5 26. hxg5 hxg5 27. fxg5 Rfg6
28. b5 Rxg5 29. Rxg5 Rxg5+ 30. Kf2 Kd6 31. bxc6 Kxc6 32. Rh1 Rg8 33. Rh6 Kd6
34. Rf6 Rc8 35. Rf7 b6 36. Rxa7 Rxc3 37. Ra6 Kc7 38. a5 b5 39. Be2 b4 40. Ra7+
Kb8 41. Ra6 b3 42. Rb6+ Ka7 43. Ra6+ Kb7 44. Rb6+ Kc7 45. Rb4 Bd3 46. Bd1 Bc4
47. Rb6 Rc1 48. Bxb3 Rf1+ 49. Kg2 Ra1 50. Bxc4 dxc4 51. Rb5 Kd6 52. Rc5 c3 53.
Kf3 Rxa5 54. Rxa5 c2 55. Rc5 c1=Q 56. Rxc1 1-0

[Event "Kandidatenturnier 1. DIM"]
[Site "playchess.com"]
[Date "2003.02.16"]
[Round "10"]
[White "Ferenc-Typie"]
[Black "Rabiega"]
[Result "0-1"]
[WhiteElo "2432"]
[BlackElo "2667"]
[PlyCount "140"]

1. Nf3 d5 2. g3 Bg4 3. Bg2 Nd7 4. d3 e6 5. O-O Ngf6 6. Nbd2 Bc5 7. Rb1 O-O 8.
b4 Bb6 9. Bb2 a5 10. a3 axb4 11. axb4 c6 12. c4 Qe7 13. c5 Bc7 14. h3 Bh5 15.
d4 e5 16. dxe5 Nxe5 17. Nxe5 Bxe5 18. Bxe5 Qxe5 19. Nf3 Qe7 20. Nd4 Ne4 21. Kh2
Nc3 22. Qd2 Nxb1 23. Rxb1 Bg6 24. Rc1 Rfe8 25. e3 Be4 26. Bf1 h6 27. b5 cxb5
28. Bxb5 Rec8 29. c6 bxc6 30. Nxc6 Qf6 31. f4 Kh7 32. h4 Ra3 33. Kg1 Rb3 34.
Ba4 Rb2 35. Qc3 Qxc3 36. Rxc3 Ra8 37. Ra3 Rg2+ 38. Kf1 Rxg3 39. Ne5 f6 40. Nc6
Rh3 41. Kf2 Rxh4 42. Nd4 Rh2+ 43. Kg3 Rg2+ 44. Kh3 Rb2 45. Rb3 Rxb3 46. Bxb3 g5
47. Kg3 Ra3 48. Kg4 Kg6 49. f5+ Bxf5+ 50. Nxf5 Rxb3 51. Ne7+ Kf7 52. Nxd5 Ke6
53. e4 f5+ 54. exf5+ Kxd5 55. f6 Ke6 56. f7 Kxf7 57. Kf5 Rb4 58. Ke5 g4 59. Kd5
g3 60. Ke5 g2 61. Kd5 h5 62. Kc5 Rg4 63. Kd5 h4 64. Ke5 h3 65. Kf5 Rg7 66. Ke5
h2 67. Kf5 g1=Q 68. Ke5 h1=Q 69. Kf5 Qd5+ 70. Kf4 Qf2# 0-1

[Event "Kandidatenturnier 1. DIM"]
[Site "playchess.com"]
[Date "2003.02.16"]
[Round "10"]
[White "OldTeacherOnline"]
[Black "Klosterfrau"]
[Result "1-0"]
[WhiteElo "2372"]
[BlackElo "2680"]
[PlyCount "135"]

1. e4 c5 2. Nf3 e6 3. Nc3 a6 4. d4 cxd4 5. Nxd4 b5 6. Bd3 Qb6 7. Nb3 Qc7 8. Be3
Nf6 9. f4 Bb7 10. Qf3 d5 11. exd5 b4 12. Na4 Nxd5 13. Be4 Nd7 14. Bd4 f5 15.
Bxd5 Bxd5 16. Qe3 Qc6 17. Nac5 Nxc5 18. Nxc5 Rc8 19. Nd3 Bd6 20. O-O O-O 21.
Rf2 Be4 22. c3 a5 23. Ne5 Qb7 24. h3 Be7 25. Kh2 Bf6 26. Rc1 Rfd8 27. Rg1 a4
28. cxb4 Qxb4 29. Bc3 Qb7 30. a3 Rd5 31. Rd2 Qb3 32. Rxd5 Qxd5 33. Qe2 Qb3 34.
Qd1 Rd8 35. Qxb3 axb3 36. a4 Ra8 37. a5 Bxe5 38. fxe5 Ra6 39. Rd1 Kf7 40. Rd7+
Kg6 41. Kg3 Kh6 42. h4 Kg6 43. Rd6 Bd3 44. Rxd3 Kh5 45. Kf4 h6 46. Rd6 g5+ 47.
Kf3 Ra8 48. hxg5 hxg5 49. Rxe6 Rc8 50. Rb6 Rc4 51. a6 Ra4 52. e6 Kg6 53. Rb7
Rxa6 54. Rg7+ Kh6 55. e7 Re6 56. Rf7 Kg6 57. Rf6+ Rxf6 58. e8=Q+ Kh6 59. Qh8+
Kg6 60. Qxf6+ Kh5 61. Qxf5 Kh6 62. Qf6+ Kh5 63. Qh8+ Kg6 64. Ke4 g4 65. Qg8+
Kh5 66. Kf5 Kh4 67. Be1+ Kh5 68. Qg5# 1-0

[Event "Kandidatenturnier 1. DIM"]
[Site "playchess.com"]
[Date "2003.02.16"]
[Round "11"]
[White "GodGusti"]
[Black "Dagon"]
[Result "1-0"]
[WhiteElo "2591"]
[BlackElo "2450"]
[PlyCount "57"]

1. d4 d5 2. c4 e6 3. Nf3 Nf6 4. Nc3 Bb4 5. cxd5 exd5 6. Bg5 Nbd7 7. Qc2 O-O 8.
e3 Re8 9. Bd3 Be7 10. h3 Nf8 11. O-O Be6 12. Ne5 N6d7 13. Bxe7 Qxe7 14. f4 f6
15. Nf3 Bf7 16. Rae1 Nb6 17. g4 c5 18. dxc5 Qxc5 19. Nd4 Nc4 20. Bxc4 dxc4 21.
Qf5 Qb6 22. Qb5 Qc7 23. Qb4 a6 24. Nf5 Rad8 25. Rd1 Bg6 26. Nd5 Rxd5 27. Rxd5
Bxf5 28. Rxf5 Rxe3 29. Rc5 1-0

[Event "Kandidatenturnier 1. DIM"]
[Site "playchess.com"]
[Date "2003.02.16"]
[Round "11"]
[White "Rabiega"]
[Black "Aimee"]
[Result "1-0"]
[WhiteElo "2675"]
[BlackElo "2447"]
[PlyCount "151"]

1. e4 c5 2. c3 Nc6 3. d4 cxd4 4. cxd4 d5 5. exd5 Qxd5 6. Nf3 Bg4 7. Be2 e6 8.
Nc3 Qa5 9. O-O Nf6 10. h3 Bh5 11. Qb3 Qb4 12. Qd1 Bd6 13. a3 Qa5 14. Qb3 Qb6
15. Qxb6 axb6 16. Be3 Nd5 17. Nxd5 exd5 18. Rac1 O-O 19. Rc3 Rfd8 20. Rfc1 f6
21. Rb3 Bc7 22. g4 Bf7 23. Bb5 Be8 24. Rbc3 Rac8 25. Ne1 Bd6 26. Kf1 Rb8 27. b4
Kf8 28. Nd3 g5 29. Nb2 h6 30. Na4 Bc7 31. Bd3 Bd6 32. Nxb6 Bf7 33. Bb5 Ne7 34.
Nd7+ Kg7 35. Nxb8 Rxb8 36. Bd7 Ra8 37. Ke2 Rd8 38. Bb5 Ra8 39. Bd3 Rd8 40. Rb3
Ra8 41. Bb5 Rd8 42. a4 f5 43. a5 f4 44. Bd2 Bg6 45. Bd3 Be8 46. b5 Ra8 47. a6
bxa6 48. bxa6 Nc6 49. Bc3 Kf8 50. Rb7 h5 51. Bb5 Na7 52. Bxe8 Rxe8+ 53. Kd3 Re7
54. Rcb1 Nc8 55. Rxe7 Kxe7 56. a7 Nxa7 57. Rb7+ Kf6 58. Rxa7 hxg4 59. hxg4 Be7
60. f3 Ke6 61. Ra6+ Kd7 62. Ba5 Bf8 63. Bb6 Be7 64. Bc5 Bd8 65. Rd6+ Kc7 66.
Rxd5 Bf6 67. Rf5 Bd8 68. Rf8 Kd7 69. d5 Ba5 70. Ke4 Bc7 71. Rf7+ Kc8 72. d6 Bd8
73. Kd5 Ba5 74. Kc6 Bd8 75. d7+ Kb8 76. Rf8 1-0

[Event "Kandidatenturnier 1. DIM"]
[Site "playchess.com"]
[Date "2003.02.16"]
[Round "11"]
[White "Klosterfrau"]
[Black "Drunken Diva"]
[Result "0-1"]
[WhiteElo "2650"]
[BlackElo "2382"]
[PlyCount "92"]

1. e4 e6 2. d4 d5 3. Nd2 Nf6 4. Bd3 c5 5. e5 Nfd7 6. c3 Nc6 7. Ne2 cxd4 8. cxd4
f6 9. exf6 Nxf6 10. O-O Bd6 11. Nf3 O-O 12. Bd2 Bd7 13. Ng3 Be8 14. Re1 Qd7 15.
Ne5 Qc8 16. Rc1 Bf7 17. f4 Qe8 18. Bc3 Bxe5 19. fxe5 Bh5 20. Nxh5 Nxh5 21. g3
g6 22. Qg4 Ng7 23. Rf1 Qe7 24. Bd2 Nf5 25. Bxf5 Rxf5 26. Rxf5 exf5 27. Qf4 Re8
28. h4 Nd8 29. Qf1 Ne6 30. Qf2 Qd7 31. Bc3 Rc8 32. Rf1 Rf8 33. Qf3 b6 34. Kh2
Rc8 35. Qe3 Rc4 36. h5 Rc8 37. Kg2 Rf8 38. hxg6 hxg6 39. Rh1 f4 40. Qd3 Qf7 41.
Bd2 fxg3 42. Qxg3 Qf5 43. Bb4 Qe4+ 44. Kg1 Qxd4+ 45. Kh2 Rf2+ 46. Kh3 Nf4+ 0-1

[Event "Kandidatenturnier 1. DIM"]
[Site "playchess.com"]
[Date "2003.02.16"]
[Round "11"]
[White "Nebuchadnezar"]
[Black "OldTeacherOnline"]
[Result "1-0"]
[WhiteElo "2413"]
[BlackElo "2402"]
[PlyCount "133"]

1. e4 e5 2. Nf3 Nc6 3. Bb5 g6 4. Nc3 Bg7 5. d4 exd4 6. Nd5 a6 7. Bc4 b5 8. Bb3
Na5 9. Bg5 f6 10. Qxd4 Nxb3 11. axb3 d6 12. Bh4 Be6 13. O-O c6 14. Ne3 c5 15.
Qd3 Ne7 16. Rfd1 Nc8 17. e5 g5 18. exf6 Bxf6 19. Bg3 Kf7 20. Ne5+ dxe5 21. Qe4
Nd6 22. Qc6 Qc8 23. Rxd6 Qxc6 24. Rxc6 h5 25. h3 Rhc8 26. Raxa6 Rxa6 27. Rxa6
e4 28. c3 b4 29. cxb4 cxb4 30. Rb6 h4 31. Bd6 Rc1+ 32. Kh2 Bd4 33. Rxb4 Bxe3
34. fxe3 Bd5 35. Rd4 Ke6 36. Ba3 Rc2 37. b4 Rc8 38. b5 Rb8 39. Rb4 Rb6 40. b3
Ke5 41. Bb2+ Ke6 42. Bd4 Rb7 43. b6 Bc6 44. Rc4 Bd5 45. Rc8 Kd7 46. Rf8 Be6 47.
Rh8 Kc6 48. Rh6 Kd5 49. Rg6 Kc6 50. Rxg5 Bxb3 51. Rg6+ Kb5 52. Rg5+ Ka6 53. Rg4
Bd5 54. Rg5 Bc6 55. Rg6 Bb5 56. Rg5 Bc6 57. Rg6 Bb5 58. Rh6 Bc6 59. Rxh4 Bb5
60. Rh5 Ba4 61. Re5 Bb5 62. Rxe4 Bc4 63. Re5 Bd5 64. Rxd5 Rd7 65. Rd6 Rxd6 66.
b7 Rxd4 67. b8=Q 1-0

[Event "Kandidatenturnier 1. DIM"]
[Site "playchess.com"]
[Date "2003.02.16"]
[Round "12"]
[White "Drunken Diva"]
[Black "Rabiega"]
[Result "1/2-1/2"]
[WhiteElo "2412"]
[BlackElo "2682"]
[PlyCount "52"]

1. c4 e6 2. Nc3 d5 3. d4 Nf6 4. Bg5 Nbd7 5. e3 c6 6. Qc2 Qa5 7. Bxf6 Nxf6 8.
Nf3 Bd6 9. Nd2 O-O 10. Bd3 Qd8 11. h3 e5 12. dxe5 Bxe5 13. cxd5 cxd5 14. Nf3
Bd6 15. O-O Be6 16. Ne2 Qe7 17. Ned4 Rac8 18. Qa4 a6 19. Rac1 h6 20. Nf5 Bxf5
21. Bxf5 Rcd8 22. Rfd1 Bb8 23. Qd4 Rfe8 24. Bc2 Ne4 25. Bb3 Nf6 26. Bc2 Ne4
1/2-1/2

[Event "Kandidatenturnier 1. DIM"]
[Site "playchess.com"]
[Date "2003.02.16"]
[Round "12"]
[White "Aimee"]
[Black "Hengena"]
[Result "1/2-1/2"]
[WhiteElo "2440"]
[BlackElo "2423"]
[PlyCount "56"]

1. d4 Nf6 2. c4 g6 3. Nc3 Bg7 4. Nf3 O-O 5. g3 d6 6. Bg2 Nc6 7. O-O a6 8. b3 e5
9. dxe5 dxe5 10. Bb2 Bg4 11. h3 Be6 12. Ng5 Qc8 13. Nxe6 fxe6 14. e3 Qe8 15.
Qe2 h5 16. Rad1 Qf7 17. Ne4 Nxe4 18. Bxe4 Rab8 19. h4 Rfd8 20. g4 Ne7 21. Ba3
hxg4 22. Bxe7 Qxe7 23. Qxg4 Qf6 24. Bxg6 Kh8 25. Kh1 Rxd1 26. Rxd1 Qxf2 27. Rg1
Qxe3 28. Be4 Qh6 1/2-1/2

[Event "Kandidatenturnier 1. DIM"]
[Site "playchess.com"]
[Date "2003.02.16"]
[Round "12"]
[White "GodGusti"]
[Black "Derek Gaede"]
[Result "1-0"]
[WhiteElo "2602"]
[BlackElo "2449"]
[PlyCount "63"]

1. Nf3 Nf6 2. c4 g6 3. Nc3 Bg7 4. e4 d6 5. d4 O-O 6. Be2 Qe8 7. O-O e5 8. dxe5
dxe5 9. b3 Qe7 10. Nd5 Nxd5 11. cxd5 Rd8 12. Qc2 c6 13. Bc4 cxd5 14. Bxd5 Be6
15. Bg5 f6 16. Bxe6+ Qxe6 17. Be3 Nc6 18. Rfd1 Bf8 19. h3 Rac8 20. Qe2 b6 21.
Qb5 Nb4 22. Rd2 Nc2 23. Rad1 Rxd2 24. Bxd2 Rd8 25. Qe2 Bc5 26. Bc3 Nd4 27. Bxd4
exd4 28. Qd3 f5 29. Re1 f4 30. Ng5 Qe5 31. Qc4+ Kg7 32. Ne6+ 1-0

[Event "Kandidatenturnier 1. DIM"]
[Site "playchess.com"]
[Date "2003.02.16"]
[Round "12"]
[White "babel"]
[Black "flatterviech"]
[Result "0-1"]
[WhiteElo "2195"]
[BlackElo "2133"]
[PlyCount "82"]

1. e4 c5 2. Nc3 Nc6 3. f4 e6 4. Nf3 a6 5. a4 d5 6. e5 g6 7. d4 cxd4 8. Nxd4 Bc5
9. Nxc6 bxc6 10. Bd3 Ne7 11. Qe2 a5 12. Be3 Qb6 13. Bxc5 Qxc5 14. Qf2 Qb4 15.
O-O Qxb2 16. Ne2 Rb8 17. h3 Qb6 18. Nd4 Bd7 19. Rfb1 Qc7 20. Rxb8+ Qxb8 21. Nb3
Qc7 22. Qc5 g5 23. g3 gxf4 24. gxf4 Rg8+ 25. Kh2 f6 26. Qxa5 Qb8 27. Qc3 Ng6
28. Rg1 fxe5 29. Qxe5 Qb4 30. Bxg6+ Rxg6 31. Rxg6 hxg6 32. Qh8+ Ke7 33. Qg7+
Kd8 34. Qf8+ Qxf8 35. Kg3 c5 36. a5 c4 37. Nd4 Qc5 38. Nf3 Qxa5 39. Ne5 Qc3+
40. Kg4 Qxc2 41. Kg5 Qf5+ 0-1

[Event "Kandidatenturnier 1. DIM"]
[Site "playchess.com"]
[Date "2003.02.16"]
[Round "12"]
[White "miha1"]
[Black "Nebuchadnezar"]
[Result "0-1"]
[WhiteElo "2423"]
[BlackElo "2430"]
[PlyCount "70"]

1. d4 f5 2. c4 Nf6 3. g3 e6 4. Bg2 c6 5. Nf3 d5 6. O-O Bd6 7. Nbd2 b6 8. Ne5
Bb7 9. Ndf3 O-O 10. Qc2 Ne4 11. Nd3 Nd7 12. Bf4 Qe7 13. Bxd6 Qxd6 14. Nfe5 Rfc8
15. Nxd7 Qxd7 16. Ne5 Qe7 17. f3 Nf6 18. c5 Nd7 19. Nxd7 Qxd7 20. Rac1 Qe7 21.
Rfe1 Rd8 22. e4 dxe4 23. fxe4 f4 24. gxf4 Rxd4 25. Qb3 bxc5 26. f5 Rb4 27. Qc3
exf5 28. exf5 Qg5 29. Kh1 Rf8 30. Rg1 Qf6 31. Qxc5 Rxb2 32. Rce1 Qxf5 33. Qc4+
Kh8 34. Ref1 Qc8 35. Qc3 Rxg2 {Zeit} 0-1

[Event "Kandidatenturnier 1. DIM"]
[Site "playchess.com"]
[Date "2003.02.16"]
[Round "13"]
[White "Gutman"]
[Black "Ferenc-Typie"]
[Result "1-0"]
[WhiteElo "2420"]
[BlackElo "2404"]
[PlyCount "97"]

1. Nf3 b6 2. g3 Bb7 3. Bg2 e6 4. O-O Nf6 5. d4 Be7 6. c4 O-O 7. Nc3 d5 8. cxd5
exd5 9. Ne5 c6 10. Bf4 Nbd7 11. Qc2 Nh5 12. Rad1 Nxf4 13. gxf4 Nf6 14. e3 Rc8
15. Qf5 g6 16. Qh3 Rc7 17. Rc1 Bc8 18. Qf3 Bf5 19. Bh3 Bxh3 20. Qxh3 Qc8 21.
Qxc8 Rfxc8 22. Rcd1 Kf8 23. f3 Bb4 24. Ne2 Nd7 25. h4 f6 26. Nd3 Be7 27. h5 Kf7
28. hxg6+ hxg6 29. Kg2 Rh8 30. Rh1 Rcc8 31. Rxh8 Rxh8 32. Rc1 c5 33. Nc3 Ke6
34. f5+ gxf5 35. Nf4+ Kd6 36. Ncxd5 Rg8+ 37. Kf2 cxd4 38. exd4 Rh8 39. Nxe7
Kxe7 40. Ng6+ Kd6 41. Nxh8 Kd5 42. Ke3 Nf8 43. Nf7 Ne6 44. f4 a5 45. a4 Ng7 46.
Rc7 Ne6 47. Rd7+ Kc6 48. Rd6+ Kc7 49. Rxe6 1-0

[Event "Kandidatenturnier 1. DIM"]
[Site "playchess.com"]
[Date "2003.02.16"]
[Round "13"]
[White "flatterviech"]
[Black "sobbi"]
[Result "1-0"]
[WhiteElo "2154"]
[BlackElo "2248"]
[PlyCount "73"]

1. d4 f5 2. h3 d5 3. Nf3 Nf6 4. Bg5 e6 5. e3 Be7 6. Bxf6 Bxf6 7. Nbd2 O-O 8.
Bd3 c5 9. c3 Nc6 10. dxc5 e5 11. Be2 Qe7 12. b4 d4 13. O-O dxc3 14. Qb3+ Be6
15. Qxc3 Rad8 16. Nb3 Kh8 17. Bc4 e4 18. Nfd4 Bxc4 19. Qxc4 Be5 20. Rad1 Rde8
21. b5 Nxd4 22. Nxd4 Bb8 23. c6 f4 24. exf4 Rxf4 25. Ne2 Rh4 26. Rd7 Qe5 27. c7
Bxc7 28. Qxc7 Qg5 29. Qg3 Qh6 30. Rxb7 Rh5 31. Rb8 Rg8 32. Rxg8+ Kxg8 33. Qb8+
Kf7 34. Qxa7+ Kg6 35. Qb6+ Kf7 36. Qxh6 Rxh6 37. Rb1 1-0

[Event "Kandidatenturnier 1. DIM"]
[Site "playchess.com"]
[Date "2003.02.16"]
[Round "13"]
[White "miha1"]
[Black "Aimee"]
[Result "0-1"]
[WhiteElo "2405"]
[BlackElo "2439"]
[PlyCount "124"]

1. d4 Nf6 2. c4 e6 3. g3 c6 4. Bg2 d5 5. Nf3 Bb4+ 6. Nc3 O-O 7. O-O b6 8. Qb3
a5 9. a3 Be7 10. Bf4 Ba6 11. Ne5 Nfd7 12. cxd5 cxd5 13. Nb5 Nxe5 14. Bxe5 Nc6
15. Nc7 Nxe5 16. Nxa8 Nd7 17. Rfc1 Qxa8 18. Rc7 Rd8 19. Qa4 Bc8 20. Rac1 Bf8
21. Qc6 Qxc6 22. R1xc6 Ba6 23. e3 Bb5 24. Rc3 Bc4 25. Bf1 b5 26. Rb7 b4 27.
axb4 axb4 28. Rc1 Bxf1 29. Kxf1 Bd6 30. Rc6 Nf8 31. Ra6 Ng6 32. Raa7 Nh8 33.
Rd7 Rxd7 34. Rxd7 Bf8 35. Ke2 g5 36. Kd3 Ng6 37. Kc2 Ne7 38. Kb3 Nf5 39. Ka4
Kg7 40. Kb5 h5 41. Kc6 g4 42. Kc7 Be7 43. Kc8 Kf6 44. Rb7 Nd6+ 45. Kb8 Nxb7 46.
Kxb7 Bf8 47. Kc6 Ke7 48. Kb6 Kd7 49. Kb7 f6 50. Kb6 e5 51. Kb7 exd4 52. exd4
Ke6 53. Kb6 Kf5 54. Kb5 Ke4 55. Kc6 Kxd4 56. Kd7 Bh6 57. Ke6 Bg5 58. Kf5 Kc4
59. Kg6 Kb3 60. Kxh5 Kxb2 61. Kxg4 Kc2 62. Kf3 b3 {Zeit} 0-1